000 01518nam0a22004091 4500
001 RU\NLR\A1SV\47466
005 20251203171251.9
035 _a(NLR Aleph) 009729545
090 _a9903814
_c9903814
100 _a20000324d1918 u y0rusy50 ca
101 0 _arus
102 _aRU
200 1 _aЖизнь кристаллов
_fГ.В.Вульф
210 _aМ.
_cПракт. знания
_d1918
215 _a76 с.
225 _aНаука и техника
_fПод ред. проф. Н.Н.Андреева и проф. В.К.Лебединского
_v№ 4
316 _aЭкз. ОренбургОУНБ деф.: отсутствуют с.69-76
_5ОренбургОУНБ
451 1 _1001RU\NLR\A1SV\29140
_99842994
_aВульф, Г.В. (1863-1925)
_cМ.
_d1922
_e2-е изд.
_fПроф. Г.В.Вульф
_nГос. изд-во
_p85, II с.
_tЖизнь кристаллов
620 _dМосква
700 1 _aВульф
_bГ.В.
_f1863-1925
_gГеоргий Викторович
_4070
702 1 _aАндреев
_bН.Н.
702 1 _aЛебединский
_bВ.К.
_f1868-1937
_gВладимир Константинович
801 0 _aRU
_bNLR
_c20000324
899 _aВладОУНБ
899 _aНБЛ КГУ
899 _aИОНБ
899 _aВГБ
899 _aРГБ
899 _aNLG
899 _aСамОУНБ
899 _aНБ РМолд.
899 _aНБ РКоми
899 _aОренбургОУНБ
942 _cBOOK
980 _aNB
980 _aA1SV